000 00891nam a2200253Ia 4500
003 OSt
005 20220918111951.0
006 a|||||r|||| 00| 0
007 ta
008 220915b |||||||| |||| 00| 0 san d
024 _a268930
037 _cTextbook
040 _bsan
_aARTS
_cARTS
041 _asan
082 _aO15:gxF20,A:g, 152K5
100 _aद्विवेदी, रामचन्द्र
_91697
245 0 _aअलकारसर्वस्व-संजीविनी
246 _aAlakārasarvasva-sanjīvinī
260 _aदिल्ली
_bमोतीलाल बनारसीदास भारत
_c1965
300 _a297पण्
_ccm.
650 _aहिन्दी साहित्य
942 _hO15:gxF20,A:g, 152K5
_cTB
_2CC
999 _c117600
_d117600